000 00343nam a22001337a 4500
020 _a9781408872277
040 _cNUST
082 _a297
_bHUS
100 _a Husain Ed
_9124791
245 _aThe House of Islam
_bA Global History
260 _aLondon:
_bBloomsbury Publishing;
_c2018.
650 _aThe House of Islam
_9124792
942 _2ddc
_cBK
999 _c610580
_d610580